| 000 | 01160pam a2200301 a 4500 | ||
|---|---|---|---|
| 001 | 1614141 | ||
| 003 | ARRUPE | ||
| 005 | 20150227134833.0 | ||
| 008 | 950202s1995 pau b 001 0 eng | ||
| 010 | _a 95005874 | ||
| 020 | _a1556350279 (pbk.) | ||
| 040 |
_aDLC _cDLC _dDLC |
||
| 050 | 0 | 0 |
_aBT124.5 _b.R63 1995 |
| 082 | 0 | 0 |
_a231/.4 _220 |
| 100 | 1 |
_aRobertson, John C., _cJr. _915615 |
|
| 245 | 1 | 4 |
_aThe loss and recovery of transcendence : _bthe will to power and the light of heaven / _cJohn C. Robertson, Jr. |
| 260 |
_aAllison Park, Pa. : _bPickwick Publications, _cc1995. |
||
| 300 |
_axvii, 108 p. ; _c22 cm. |
||
| 440 | 0 |
_aPrinceton theological monograph series ; _v39 _915616 |
|
| 504 | _aIncludes bibliographical references and indexes. | ||
| 650 | 0 |
_aTranscendence of God. _915617 |
|
| 650 | 0 |
_aTechnology _xReligious aspects _xChristianity. _94574 |
|
| 650 | 0 |
_aCivilization, Modern _z20th century. _915618 |
|
| 650 | 0 |
_aPresence of God. _915619 |
|
| 906 |
_a7 _bcbc _corignew _d1 _eocip _f19 _gy-gencatlg |
||
| 942 |
_2lcc _cMONOGRAPH |
||
| 999 |
_c122222 _d122222 |
||